000 005070000a22001810004500
003 MACL
005 20151222171025.0
008 151222b xxu||||| |||| 00| 0 eng d
040 _aMACL
_cMACL
041 _aEnglish
082 _a750.095/TOP
100 _aTopsfield, Andrew
_922265
245 _aPaintings From Rajasthan
_bIn The National Gallery of Victoria
260 _bThe National Gallery of Victoric
_c1980
350 _a151
650 _aPainting & Paintings
_97566
942 _cBK
_k750.095/TOP
_2ddc
999 _c40839
_d40839